Western Disturbances - An Indian Meteorological Perspective / (Record no. 616635)

000 -LEADER
fixed length control field 00540nam a22001817a 4500
003 - CONTROL NUMBER IDENTIFIER
control field NUST
005 - DATE AND TIME OF LATEST TRANSACTION
control field 20260312103842.0
008 - FIXED-LENGTH DATA ELEMENTS--GENERAL INFORMATION
fixed length control field 260312b ||||| |||| 00| 0 eng d
020 ## - INTERNATIONAL STANDARD BOOK NUMBER
International Standard Book Number 978-3319267371
082 ## - DEWEY DECIMAL CLASSIFICATION NUMBER
Classification number 551.5
Author Mark DIM
100 ## - MAIN ENTRY--PERSONAL NAME
Personal name A.P. Dimri, Amulya Chevuturi.
9 (RLIN) 133672
245 ## - TITLE STATEMENT
Title Western Disturbances - An Indian Meteorological Perspective /
Statement of responsibility, etc. A.P. Dimri, Amulya Chevuturi.
250 ## - EDITION STATEMENT
Edition statement 1st Edition
260 ## - PUBLICATION, DISTRIBUTION, ETC.
Place of publication, distribution, etc. Switzerland:
Name of publisher, distributor, etc. Springer,
Date of publication, distribution, etc. 2016.
300 ## - PHYSICAL DESCRIPTION
Extent 131 p ;
Dimensions 30.00 cm
563 ## - BINDING INFORMATION
Binding note Hardcover
942 ## - ADDED ENTRY ELEMENTS (KOHA)
Source of classification or shelving scheme
Koha item type Book
Holdings
Withdrawn status Lost status Source of classification or shelving scheme Damaged status Not for loan Permanent Location Current Location Date acquired Total Checkouts Full call number Barcode Date last seen Price effective from Koha item type
          Institute of Geographical Information Systems (IGIS) Institute of Geographical Information Systems (IGIS) 03/12/2026   551.5 DIM IGIS-1134 03/12/2026 03/12/2026 Book
          Institute of Geographical Information Systems (IGIS) Institute of Geographical Information Systems (IGIS) 03/12/2026   551.5 DIM IGIS-1137 03/12/2026 03/12/2026 Book
© 2023 Central Library, National University of Sciences and Technology. All Rights Reserved.